000 00868nas a2200301 4500
001 BR8807287
003 BR-BrBNA
005 20231205091404.0
007 ta
008 230509b bl.|||p| |||| 00| 00por d
040 _aBR-BrBNA
_bpor
_cBiblioteca Nacional de Agricultura
041 _a(Pt)
072 _aL01
100 1 _aRosa, G.O. da
100 1 _aDode, M.A.N.
245 1 _aCriacao e manejo de bezerros de corte
650 _aBEZERRO DE CORTE
650 _aVERMINOSE
650 _aBERNE
650 _aCARRAPATO
650 _aDESMAMA PRECOCE
650 _aMANEJO
650 _aSUPLEMENTO MINERAL
650 _aCRIACAO
773 0 _tInforme Agropecuario - Empresa de Pesquisa Agropecuaria de Minas Gerais (Brazil)
_xISSN 0100-3364
_g(1988), v. 13(153-154) p. 55-58
_wBR8807287
909 _a202311
_bLúcia
_c55
_dLúcia Elande
942 _2AGRIS
_n0
_cANA
999 _c124750
_d124750